Calidad total en la administración pública / Clemente Talavera Pleguezuelos
ISBN:
84-88282-42-7
Descripción Física:
420 p. : taules ; 21 cm
Colección:
Temas de administración local ; 66
MARC
| LEADER | 00000nam a2200000Ia 4500 | ||
|---|---|---|---|
| 001 | 19182 | ||
| 008 | 160829s1999 xx 000 0 cat d | ||
| 020 | |a 84-88282-42-7 | ||
| 080 | |a M-4-293 | ||
| 100 | |a Talavera Pleguezuelos, Clemente |9 45289 | ||
| 245 | |a Calidad total en la administración pública / Clemente Talavera Pleguezuelos | ||
| 260 | |a Granada : |b CEMCI, |c 1999 | ||
| 300 | |a 420 p. : |b taules ; |c 21 cm | ||
| 490 | |a Temas de administración local ; 66 | ||
| 590 | |a Bibliografia | ||
| 650 | |a Qualitat total en l'administració pública |9 45290 | ||
| 901 | |a Arxiu | ||
| 942 | |n 1 | ||
| 952 | |0 0 |1 0 |4 0 |6 M4293 |7 1 |9 52493 |a Arxiu |b Arxiu |d 2016-12-01 |l 0 |o M-4-293 |p 19182 |r 2016-12-01 00:00:00 |w 2016-12-01 |y ARXIU | ||
| 999 | |c 56341 |d 56341 | ||